Reflexiones sobre el pensamiento conservador de Karl Mannheim/

Salvato in:
Dettagli Bibliografici
Autore principale: González García, José M.
Natura: Libro
Lingua:Spanish
Tags: Aggiungi Tag
Nessun Tag, puoi essere il primo ad aggiungerne!!

MARC

LEADER 00000nam a22000007a 4500
003 cru CIDCACS/IIS
005 20180214142249.0
007 ta
008 180214s1993 sp |||p|r||||||0| 0|spa||
999 |c 40988  |d 40988 
040 |c cru CIDCACS/IIS 
100 1 |9 6630  |a González García, José M. 
245 1 |a Reflexiones sobre el pensamiento conservador de Karl Mannheim/  |c José M. González García  
300 |a páginas 61-81 
773 0 |0 40983  |9 1796  |a Centro de Investigaciones Sociológicas (España)  |d Madrid, España: CIS,  |o 18443  |t REIS:  |x 02105233 
942 |2 ddc  |c PP